Lieux des sources des fleuves et rivières de France - Statistiques

Statistiques générales
  • Ce quiz a été pris 16 fois
  • Le résultat moyen est 28 sur 34
Statistiques - réponses
Fleuve/Rivière Département de la source % Correct
Durance Hautes-Alpes
100%
Loire Ardèche
93%
Isère Savoie
93%
Aveyron Aveyron
87%
Vienne Corrèze
87%
Seine Côte-d'Or
87%
Creuse Creuse
87%
Doubs Doubs
87%
Garonne Haute-Garonne
87%
Marne Haute-Marne
87%
Meuse Haute-Marne
87%
Rhône Haute-Savoie
87%
Adour Hautes-Pyrénées
87%
Charente Haute-Vienne
87%
Dordogne Puy-de-Dôme
87%
Saône Vosges
87%
Moselle Vosges
87%
Oise Aisne
80%
Somme Aisne
80%
Indre Cher
80%
Cher Creuse
80%
Loir Eure-et-Loir
80%
Aube Haute-Marne
80%
Lot Lozère
80%
Allier Lozère
80%
Tarn Lozère
80%
Vilaine Mayenne
80%
Yonne Nièvre
80%
Sarthe Orne
80%
Eure Orne
80%
Aude Pyrénées-Orientales
80%
Aisne Meuse
73%
Ill Haut-Rhin
67%
Isle Haute-Vienne
60%
Aucun quiz correspondant
Distribution des résultats
% des personnes avec chaque résultat
Percentile par nombre de réponses
Votre historique - résultats
Vous n’avez pas pris ce quiz